000 00354 a2200157 4500
001 155187
040 _cEscola São Tomás de Aquino
100 _aPILLETTI, Nelson
240 1 0 _aHistória e vida integrada
_lpor
245 1 0 _aHistória e vida integrada
300 _a320
362 0 _a2009
440 1 _aÁtica
697 _aHISTÓRIA
942 _cBK
999 _c155187
_d155187